Ζητήματα ασφάλειας νόμιμης συνακρόασης στα δίκτυα UMTS : μεταπτυχιακή εργασία
Αντικείμενο αυτής της εργασίας είναι η μελέτη του συστήματος νομίμων συνακροάσεων και ιδιαίτερα του συστήματος που εφαρμόζεται και χρησιμοποιείται στα δίκτυα κινητών επικοινωνιών UMTS. Όταν αναφερόμαστε στον όρο νόμιμη συνακρόαση εννοούμε το σύστημα το οποίο δίνει τη δυνατότητα στις αρχές της κάθε χ...
Saved in:
| Main Author: | |
|---|---|
| Corporate Author: | |
| Other Authors: | |
| Format: | Thesis Book |
| Language: | Greek |
| Published: |
Καρλόβασι, Σάμος :
Πανεπιστήμιο Αιγαίου, Τμήμα Μηχανικών Πληροφοριακών και Επικοινωνιακών Συστημάτων,
2007.
|
| Subjects: | |
| Online Access: | http://hdl.handle.net/11610/12569 |
| Tags: |
Add Tag
No Tags, Be the first to tag this record!
|
MARC
| LEADER | 00000cam a2200000 i 4500 | ||
|---|---|---|---|
| 001 | 1/44142 | ||
| 008 | 070511s2007 gr | ||| |||| ||gre|| | ||
| 035 | |l 10087786 | ||
| 040 | |a GR-MyUA |b gre |e AACR2 | ||
| 041 | 0 | |a gre | |
| 082 | 0 | |a 005.82 |2 (22) | |
| 100 | 1 | |a Ανδρεάδης, Αλέξης. | |
| 245 | 1 | 0 | |a Ζητήματα ασφάλειας νόμιμης συνακρόασης στα δίκτυα UMTS : |b μεταπτυχιακή εργασία / |c του Ανδρεάδη Αλέξη και Παγανού Χαράλαμπου ; επιβλέπων καθηγητής, Καμπουράκης Γεώργιος. |
| 260 | |a Καρλόβασι, Σάμος : |b Πανεπιστήμιο Αιγαίου, Τμήμα Μηχανικών Πληροφοριακών και Επικοινωνιακών Συστημάτων, |c 2007. | ||
| 300 | |a 122 σ. : |b εικ. ; |c 30 εκ. | ||
| 500 | |a Μέλη της εξεταστικής επιτροπής: Καμπουράκης Γεώργιος, Γκρίτζαλης Στέφανος, Λαμπρινουδάκης Κωνσταντίνος. | ||
| 502 | |a Διατριβή (μεταπτυχιακή) – Πανεπιστήμιο Αιγαίου, Σάμος, 2007. | ||
| 504 | |a Βιβλιογραφία: σ. 120-121. | ||
| 506 | 0 | |a Διάθεση πλήρους κειμένου - Ελεύθερη πρόσβαση. | |
| 520 | |a Αντικείμενο αυτής της εργασίας είναι η μελέτη του συστήματος νομίμων συνακροάσεων και ιδιαίτερα του συστήματος που εφαρμόζεται και χρησιμοποιείται στα δίκτυα κινητών επικοινωνιών UMTS. Όταν αναφερόμαστε στον όρο νόμιμη συνακρόαση εννοούμε το σύστημα το οποίο δίνει τη δυνατότητα στις αρχές της κάθε χώρας και πιο συγκεκριμένα στις λεγόμενες Law Enforcement Agencies (LEA) να εντοπίσουν και να παρακολουθήσουν οποιαδήποτε επικοινωνία γίνεται μέσω δικτύων κινητής τηλεφωνίας, ασύρματων και διαφόρων άλλων δικτύων. Πιο συγκεκριμένα, τα στοιχεία που μπορούν να παρακολουθηθούν είναι τα εξής: ομιλία, δεδομένα, σύντομα μηνύματα (SMS), πληροφορίες που έχουν να κάνουν με την επικοινωνία (π.χ. ώρα και ημερομηνία εκκίνησης και τερματισμού μιας κλήσης) και πολλά άλλα. Βέβαια, για να πραγματοποιηθεί η συνακρόαση θα πρέπει προηγουμένως να έχει ακολουθηθεί μια συγκεκριμένη διαδικασία έτσι ώστε να διασφαλιστεί η προστασία της μετάδοσης των υπό παρακολούθηση δεδομένων από τρίτους. Η μελέτη μας δίνει ιδιαίτερη έμφαση στο κομμάτι που αφορά την ασφάλεια του συστήματος νομίμων συνακροάσεων, το οποίο είναι πολύ κρίσιμο για την λειτουργία του αλλά και για την προστασία της ιδιωτικότητας των πολιτών. Για να υπογραμμίσουμε την σημασία της ασφάλειας, αρκεί να σκεφτούμε τι αντίκτυπο είχε στην ελληνική κοινωνία η παράκαμψη ορισμένων διαδικασιών ασφαλείας στην περίπτωση των πρόσφατα ανακοινωθέντων υποκλοπών. Έτσι, προσπαθούμε να τονίσουμε τα πιθανά σημεία ευπάθειας καθώς και να προτείνουμε ορισμένες λύσεις. Τέλος, εκτός του θέματος της ασφάλειας, η εργασία αναλύει μερικά προϊόντα που έχουν υλοποιήσει διάφορες εταιρείες του χώρου και πως κάθε μία από αυτές έχει υλοποιήσει το σύστημά της. Επίσης, γίνεται αναφορά του σχετικού νομικού πλαισίου που βρίσκεται σε ισχύ στην Ελλάδα, στη Γερμανία αλλά και στο σχετικό ψήφισμα της Ε.Ε. στο οποίο βασίστηκε το νομικό πλαίσιο όλων των κρατών-μελών. | ||
| 610 | 2 | 0 | |a University of the Aegean |x Dissertations. |
| 650 | 0 | 0 | |a Telecommunication systems |x Security measures |x Data processing. |
| 650 | 0 | 0 | |a Dissertations, Academic |z Greece. |
| 700 | 1 | |a Παγανός, Χαράλαμπος, |e dis | |
| 700 | 1 | |a Καμπουράκης, Γεώργιος, |e dgs | |
| 710 | 2 | |a Πανεπιστήμιο Αιγαίου. |b Σχολή Θετικών Επιστημών. |b Τμήμα Μηχανικών Πληροφοριακών και Επικοινωνιακών Συστημάτων. | |
| 852 | |a INST |b SAMOS |c DIATR |e 20070511 |h 005.82 ΑΝΔ |p 005300025907 |q 005300025907 |t MTXE |y 23 | ||
| 852 | |a INST |b SAMOS |c DIATR |e 20070511 |h 005.82 ΑΝΔ |p 005300025908 |q 005300025908 |t MTXE |y 23 | ||
| 856 | |u http://hdl.handle.net/11610/12569 | ||
| 901 | |a BIBL3-2007-2 | ||
| 909 | |a Σ |b 125103 | ||
| 909 | |a Σ |b 125104 | ||
| 924 | |a ΑΝΔΡΕΑΔΗΣ |b ΑΛΕΞΗΣ |y Σάμος |z 2007-03 | ||
| 970 | |a ΚΟΣΙΕΡΗΣ |b ΧΡΗΣΤΟΣ |z 2007/05/11 | ||